Statistics for Famous Addresses Quiz

Click here to take the quiz!

General Stats

  • This quiz has been taken 138 times
  • The average score is 7 of 34

Answer Stats

Address Building / Person % Correct
1600 Pennsylvania Avenue, WashingtonThe White House
88%
221B Baker StreetSherlock Holmes
67%
10 Downing Street, LondonPrime Minister of the United Kingdom
59%
124 Conch Street, Bikini BottomSpongeBob SquarePants
51%
350 5th Avenue, New YorkEmpire State Builing
47%
Piazza del Duomo, PisaLeaning Tower of Pisa
37%
742 Evergreen Terrace, SpringfieldThe Simpsons
35%
Champ de Mars, ParisEiffel Tower
34%
1313 Disneyland Dr, AnaheimDisneyland
32%
Bennelong Point, SydneySydney Opera House
28%
Piazza San Pietro, RomeSt. Peter's Basilica
24%
400 Broad St, SeattleSpace Needle
24%
Dharmapuri, Tajganj, AgraTaj Mahal
22%
4059 Mt. Lee Dr. HollywoodHollywood Sign
19%
300 Alamo Plaza, San AntonioThe Alamo
17%
Al Haram, Nezlat El-Semman, GizaGiza Pyramid complex
15%
Castlehill, EdinburghEdinburgh Castle
14%
1 Sheikh Mohammed bin Rashid Blvd, DubaiBurj Khalifa
11%
Ryongsong district, PyongyangKim Jong-un
11%
Theresenwiese, MunichOktoberfest
10%
Soria KLCC, Kuala LumpurPetronas Towers
9%
319 Lexington Blvd, HonoluluPacific Aviation Museum Pearl Harbor
7%
Palace Square, 2, St. PetersburgThe Hermitage Museum
6%
Carrer de Mallorca, 401, BarcelonaSagrada Familia
5%
3600 S Las Vegas Blvd, Las VegasBellagio
5%
1 World Way, Los AngelesLos Angeles Intl. Airport
5%
20900 Oakwood Boulevard, DearbornHenry Ford Museum
3%
Linton, Xi'anTerracotta Army
3%
89E 42nd St, New YorkGrand Central Terminal
3%
Xinyi Road, Taipei CityTaipei 101
3%
Panoramastrasse 1A, BerlinFernsehturm Berlin
3%
Av. de Concha Espina,1, MadridEstadio Santiago Bernabéu
2%
Av. Pres. Castelo Branco, Rio de JaneiroEstádio do Maracanã
2%
Hanedakuko, Ota, TokyoHaneda Airport
2%

Score Distribution

Percentile by Number Answered

Percent of People with Each Score

Your Score History

You have not taken this quiz